000 01192 a2200301 4500
502 _aThèse
653 1 _aAménagement et Gestion de l'Environnement
100 _aAYELO, Gauthier Hounmènou
041 _bFr
245 _aEtablissement de table de cubage de teck (Tectona Grandis L.f) au Sud-Bénin
300 _aXI-94 p.
650 _aENQUETE FORESTIERE
650 _aTECK
650 _aTECTONA GRANDIS
300 _bill., graph., tabl., 29 cm
130 _lFr
710 _a<Abomey-Calavi>, <Université d'Abomey-Calavi>, <FAculté des Sciences Agronomiques>, <UAC>, <BJ>
040 _aDoc.
651 _aSUD-BENIN
041 _bFr
041 _bEn
653 1 _aEaux, Forêts et Chasse
651 _aBENIN
520 _aLa situation géographique de la République du Bénin, particulièrement sa présence dans le couloir sec dahoméen fait de lui un pays à faibles ressources forestières. De ce fait, les plantations constituent le dernier recours pour satisfaire entre autre, les besoins galopant en bois d'oeuvre et d'énergie du fait d'une population en forte croissance...
690 _aTABLE DE CUBAGE
690 _aBOIS DE CONSTRUCTION
999 _c30562
_d30562